| 000 | 02104nam0a2200385 4500 | ||
|---|---|---|---|
| 001 | RU\NLR\bibl\1325688 | ||
| 005 | 20260406065348.0 | ||
| 010 |
_a978-5-91180-873-0 _93000 |
||
| 021 |
_aRU _b2008-98563 _95784 |
||
| 035 | _a(nilc)EL/0000186832 | ||
| 035 | _a(NLR Aleph) 001310994 | ||
| 090 |
_a679396 _c679396 |
||
| 100 | _a20080413d2008 |||y0rusy50 ca | ||
| 101 | 0 | _arus | |
| 102 | _aRU | ||
| 105 | _aa ||||||||| | ||
| 200 | 1 |
_aОрганизационное поведение _eучебник для студентов высших учебных заведений, обучающихся по специальности 061100 "Менеджмент организации" _f[В.Г. Антонов, д.э.н., проф., Н.В. Бобылева, доц., О.Н. Громова, д.э.н., проф. и др.] _gпод ред. Г.Р. Латфуллина, О.Н. Громовой |
|
| 205 | _a2-е изд., доп. и перераб. | ||
| 210 |
_aСанкт-Петербург [и др.] _cПитер _d2008 |
||
| 215 |
_a460 с. _cил. _d22 |
||
| 225 | 1 | _aУчебник для вузов | |
| 320 | _aБиблиогр.: с. 456-460 и в конце гл. | ||
| 606 | 1 |
_aОрганизационное поведение _jУчебники для высших учебных заведений _92078800 _3RU\NLR\auth\661254665 |
|
| 686 |
_a88.59 _vLBC/RL _2rubbk |
||
| 686 | _aС550.373я73 | ||
| 701 | 1 |
_4070 _8rus _7ca _aАнтонов _bВ.Г. _cд-р экон. наук _gВиктор Глебович _3RU\NLR\auth\7714910 _9124573 |
|
| 701 | 1 |
_aБобылева _bН. В. _gНина Васильевна _4070 |
|
| 701 | 1 |
_4070 _8rus _7ca _aГромова _bО. Н. _cд-р экон. наук _gОльга Николаевна _3RU\NLR\auth\7774191 _957119 |
|
| 702 | 1 |
_4340 _8rus _7ca _aЛатфуллин _bГ. Р. _gГабдельахат Рашидович _3RU\NLR\auth\7781318 _964246 |
|
| 801 | 0 |
_aRU _bКемеровская ОНБ _c20080413 _grcr |
|
| 801 | 1 |
_aRU _bКемеровская ОНБ _c20080413 |
|
| 801 | 2 |
_aRU _bNLR _c20090205 _grcr |
|
| 942 | _cBOOK | ||
| 980 | _aNB | ||